| 000 | 02232cam a22004814i 4500 | ||
|---|---|---|---|
| 003 | PE-LiUPU | ||
| 005 | 20250731173337.0 | ||
| 008 | 150706s2005 xxk rb 000 0 eng d | ||
| 020 | _a9780567082190 | ||
| 035 | _a(Sirsi) i9780567082190 | ||
| 040 |
_aPE-LiUPU _bspa _cPE-LiUPU _erda |
||
| 049 | _aPRUA | ||
| 082 | 0 | 4 |
_a226.6 _bA37 _221 |
| 100 | 1 |
_aAlexander, Loveday C. A., _eautor. |
|
| 245 | 1 | 0 |
_aActs in its ancient literary context : _ba classicist looks at the Acts of the apostle / _cLoveday C. A. Alexander. |
| 264 | 1 |
_aNew York : _bT & T Clark International, _c2005. |
|
| 300 |
_a290 p ; _c24 centímetros |
||
| 336 |
_atext _2rdacontent |
||
| 337 |
_aunmediated _2rdamedia |
||
| 338 |
_avolume _2rdacarrier |
||
| 490 | 0 |
_aLibrary of New Testament studies ; _v289 |
|
| 504 | _aIncluye bibliografía. | ||
| 505 | 0 | _aOn a Roman Bookstall: Reading Acts in its Ancient Literary Context -- The Preface to Acts and the Historians -- Acts and Ancient Intellectual Biography -- 'In Journeyings Often': Voyaging in the Acts of the Apostles and in Greek Romance -- Narrative Maps: Reflections on the Toponomy of Acts -- Fact, Fiction and the Genre of Acts -- New Testament Narrative and Ancient Epic -- The Acts of the Apostles as an Apologetic Text -- Reading Luke-Acts from Back to Front -- Septuaginta, Fachprosa, Imitatio: Albert Wifstrand and the Language of Luke-Acts. | |
| 526 | _aSEG42 | ||
| 526 | _aSEG41 | ||
| 526 | _aSEG40 | ||
| 526 | _aSEG39 | ||
| 526 | _aP94 | ||
| 526 | _aP87 | ||
| 526 | _aP86 | ||
| 526 | _aP85 | ||
| 526 | _aP77 | ||
| 526 | _aP76 | ||
| 526 | _aP35 | ||
| 541 | _g20081126230934D47324; | ||
| 630 | 0 | 4 |
_aBiblia. _pN.T. _pHechos _vCrítica, interpretación, etc. |
| 910 |
_agl _bjv _clch _d20090814 |
||
| 942 |
_2ddc _cBOOK |
||
| 949 |
_a226.6 A37 _wDEWEY _c1 _i59826 _lCCODEBUL1 _mBUL _p50.00 _r0 _sY _tBOOK _u2015-7-6 _xTEOLOGIA _PP85 _0COMPRA _o.STAFF. Colección Teología |
||
| 994 |
_aC0 _bPEPRU |
||
| 596 | _a1 | ||
| 999 |
_a226.6 A37 _wDEWEY _c49359 _i59826 _d49359 _f2021-11-9 _g5 _lCCODEBUL1 _mBUL _p50.00 _q2 _r0 _sY _tBOOK _u2015-7-6 _xTEOLOGIA _PP85 _0COMPRA _o.STAFF. Colección Teología |
||
| 980 |
_81 _gALBERTO SANCHEZ Responsable de Automatización |
||